000 00515nam a2200133Ia 4500
008 171207s9999 xx 000 0 und d
100 _aSaker, Michael
245 _aFoursquare and identity: Checking-in and presenting the self through location
245 _cMichael Saker
260 _c2017
300 _apages 934-949, June 2017
440 _aNew Media & Society
_v19:6
650 _aFoursquare, identity, LBSN, localisation, location-based social network, locative media, performance, social media, spatial self
999 _c347658
_d347658